00707nam a2200241 a 4500001001300000003000900013005001700022008004100039020000800080082001600088100002800104245004600132260003000178300000900208500003500217505001200252650003100264700002800295902000800323942000700331952011200338999001500450nice12345678IN_TiNIC20260116011755.0050524s1979 dela grp 000 0 eng  ac900a297.63bUBA aUbaidul Akbar, Muhammad aOrations of Muhammad the Prophet of Islam aDelhibKitab Bhavanc1979 a106p aincludes index and biblioraphy2 a3 parts aMuhammad, Prophet-Speeches1 aUbaidul Akbar, Muhammad bSRS cBK 001040708StackRoom-aHMIbHMId2007-07-10g9.00l0o297.63 UBAp09899r2007-07-10v9.00w2005-05-24yBK c3867d3867